000 01106nam a2200241 i 4500
003 DO-SdBNP
005 20240207104047.0
007 ta
008 091125s2003 dr a 000 0 spa d
040 _aDO-SdBNP
_bspa
_cBNPHU
_erda
082 _bR382
_222
245 0 0 _aReligión 2 :
_bformación integral humana y religiosa, educación media /
264 1 _aSanto Domingo ;
_bSusaeta,
_c2003.
300 _a159 páginas
_bilustraciones
_c28 cm.
336 _2rdacontent
_atexto
_btxt
337 _2rdamedia
_asin mediación
_bn
338 _2rdacarrier
_avolumen
_bnc
500 _aEducación media.
505 0 _gunidad 1 --
_tHombres y mujeres de fe --
_gunidad 2 --
_tSeguir a Jesús --
_gunidad 3 --
_tEl mundo en que vivimos --
_gunidad 4 --
_tEl cristiano, un ser en construcción --
_gunidad 5 --
_tEl cristiano, un peregrino --
_gunidad 6 --
_tEl cristiano ante la vida --
_gunidad 7 --
_tEl cristiano ante el amor --
_gunidad 8 --
_tEl cristiano ante una sociedad en cambio --
_gunidad 9 --
_tSer cristiano, una vida para siempre /
590 _aInventariado, 2024/ YL
910 _aYLockward
942 _2ddc
_cLBS1
999 _c55829
_d55829